Welcome to CU Library Online Public Access Catalogue (OPAC)

Concepts of Ecology (Record no. 2154)

MARC details
000 -LEADER
fixed length control field 00451nam a2200169Ia 4500
005 - DATE AND TIME OF LATEST TRANSACTION
control field 20241213133446.0
008 - FIXED-LENGTH DATA ELEMENTS--GENERAL INFORMATION
fixed length control field 200919s9999||||xx |||||||||||||| ||und||
020 ## - INTERNATIONAL STANDARD BOOK NUMBER
International Standard Book Number 9788120311480
050 ## - LIBRARY OF CONGRESS CALL NUMBER
Classification number QH541
Item number .K59
082 ## - DEWEY DECIMAL CLASSIFICATION NUMBER
Classification number 574.5
Item number KOR-C
100 ## - MAIN ENTRY--PERSONAL NAME
Personal name Kormondy, Edward J
245 #0 - TITLE STATEMENT
Title Concepts of Ecology
250 ## - EDITION STATEMENT
Edition statement 4th ed.
260 ## - PUBLICATION, DISTRIBUTION, ETC.
Place of publication, distribution, etc. New Delhi
Name of publisher, distributor, etc. PHI Learning Private Limited
Date of publication, distribution, etc. 2006
300 ## - PHYSICAL DESCRIPTION
Extent 559p
Other physical details ill.
Dimensions 23.5cm
942 ## - ADDED ENTRY ELEMENTS (KOHA)
Source of classification or shelving scheme Library of Congress Classification
Koha item type Books
Edition 4th ed.
Suppress in OPAC No
999 ## -
-- 2154
-- 2154
Holdings
Withdrawn status Lost status Source of classification or shelving scheme Damaged status Not for loan Collection Home library Current library Shelving location Date acquired Total checkouts Full call number Barcode Date last seen Copy number Price effective from Koha item type
    Library of Congress Classification     Non-fiction Science Library (Miotso) Science Library (Miotso) General stacks 12/13/2024   QH541 .K59 KOR SLM00001331 12/13/2024 1 12/13/2024 Books
    Library of Congress Classification     Non-fiction Science Library (Miotso) Science Library (Miotso) General stacks 12/13/2024   QH541 .K59 KOR SLM00001332 12/13/2024 2 12/13/2024 Books
© 2023-2024 Copyright: Central University Libraries. All Rights Reserved | Created by: Mahone Tech Office